Southville International School and Colleges
Your cart is empty.
  • Cart
  • Lists
    Public lists Eva Luna New books Lux_list list_1
    Your lists Log in to create your own lists
  • Log in to your account
  • Your cookies
  • Search history
Southville International School and Colleges
  • Advanced search
  • Recent comments
  • Most popular
  • Libraries

Log in to your account

Log in with GOOGLE


If you do not have an external account, but do have a local account, you can still log in:

  1. Home
  2. MARC view: Tale of the Unicorn (The) /
Normal view MARC view ISBD view

Tale of the Unicorn (The) / (Record no. 111776)

[ view plain ]
MARC details
000 -LEADER
fixed length control field 00555nam a2200193 a 4500
001 - CONTROL NUMBER
control field 2283
005 - DATE AND TIME OF LATEST TRANSACTION
control field 20140414131921.0
008 - FIXED-LENGTH DATA ELEMENTS--GENERAL INFORMATION
fixed length control field 020530s19uu xx 00 eng d
020 ## - INTERNATIONAL STANDARD BOOK NUMBER
International Standard Book Number 0-14-054568-9
050 ## - LIBRARY OF CONGRESS CALL NUMBER
Classification number ER
Item number T14 1988
100 ## - MAIN ENTRY--PERSONAL NAME
Personal name Preussler, Otfried
245 ## - TITLE STATEMENT
Title Tale of the Unicorn (The) /
Statement of responsibility, etc by Otfried Preussler ; pictures by Gennady Spirin.
260 ## - PUBLICATION, DISTRIBUTION, ETC. (IMPRINT)
Place of publication, distribution, etc New York :
Name of publisher, distributor, etc Dial Books,
Date of publication, distribution, etc 1988.
300 ## - PHYSICAL DESCRIPTION
Extent p. : ill. ; cm.
440 ## - SERIES STATEMENT/ADDED ENTRY--TITLE
Title Picture Pufin
650 ## - SUBJECT ADDED ENTRY--TOPICAL TERM
Topical term or geographic name as entry element Unicorn
General subdivision Fiction.
650 ## - SUBJECT ADDED ENTRY--TOPICAL TERM
Topical term or geographic name as entry element Children stories
General subdivision Fiction.
Holdings
Withdrawn status Lost status Damaged status Use restrictions Home library Current library Shelving location Date acquired Source of acquisition Cost, normal purchase price Total Checkouts Full call number Barcode Date last seen Price effective from Koha item type
        Munich Library Munich Library Easy Reading Section 05/26/2005   152.00   ER T14 1988 M2669 04/14/2014 04/14/2014 Books

Tale of the Unicorn (The) /

APA

Preussler O., . (1988). Tale of the Unicorn (The). New York: Dial Books.

Chicago

Preussler Otfried, . 1988. Tale of the Unicorn (The). New York: Dial Books.

Harvard

Preussler O., . (1988). Tale of the Unicorn (The). New York: Dial Books.

MLA

Preussler Otfried, . Tale of the Unicorn (The). New York: Dial Books. 1988.

  • Place hold
  • Print
  • Cite
  • Add to your cart (remove)
  • Save record
    BIBTEX Dublin Core MARCXML MARC (non-Unicode/MARC-8) MARC (Unicode/UTF-8) MARC (Unicode/UTF-8, Standard) MODS (XML) RIS
  • More searches
    Search for this title in:
    Other Libraries (WorldCat) Other Databases (Google Scholar) Online Stores (Bookfinder.com) Open Library (openlibrary.org)

Exporting to Dublin Core...

SOUTHVILLE LIBRARY

Southville International School and Colleges Library

1281 Tropical Ave. Cor. Luxembourg St., BF Homes International, Las Pinas City

Tel. No. 8256374 / 252358 Loc. 117/146

Powered by Koha